[Event "AUT-ch Seniors 65"]
[Site "Vienna"]
[Date "2023.05.18"]
[Round "4"]
[White "Zierlinger, Karl"]
[Black "Salomons, Lorenzo"]
[Result "1/2-1/2"]
[WhiteElo "1371"]
[BlackElo "1828"]
[PlyCount "58"]
[EventDate "2023.05.15"]
[EventType "swiss"]
[EventRounds "7"]
[EventCountry "AUT"]
[SourceTitle "CBM 214 Extra"]
[Source "ChessBase"]
[SourceDate "2023.07.31"]
[SourceVersion "1"]
[SourceVersionDate "2023.07.31"]
[SourceQuality "1"]

1. d4 Nf6 2. c4 e6 3. Nf3 d5 4. Bf4 c5 5. Nc3 Bd6 6. Bxd6 Qxd6 7. Qc2 0-0 8. e3 a6 9. Bd3 dxc4 10. Bxc4 b5 11. dxc5 Qxc5 12. Bd3 Bb7 13. Qe2 Nbd7 14. 0-0 Rfd8 15. Rac1 Bxf3 16. gxf3 Qh5 17. f4 Qxe2 18. Bxe2 Rac8 19. Bf3 Rc7 20. Ne4 Rdc8 21. Rxc7 Rxc7 22. Nxf6+ Nxf6 23. Rd1 Kf8 24. Rd2 b4 25. Rd8+ Ke7 26. Ra8 Rc1+ 27. Kg2 Rc2 28. Rxa6 Rxb2 29. a4 bxa3 1/2-1/2

[Event "SVK-ch op"]
[Site "Ruzomberok"]
[Date "2019.07.05"]
[Round "7"]
[White "Cernekova, Martina"]
[Black "Salomons, Lorenzo"]
[Result "0-1"]
[WhiteElo "1659"]
[BlackElo "1842"]
[PlyCount "64"]
[EventDate "2019.06.29"]
[EventType "swiss"]
[EventRounds "9"]
[EventCountry "SVK"]
[SourceTitle "CBM 191 Extra"]
[Source "ChessBase"]
[SourceDate "2019.09.30"]
[SourceVersion "1"]
[SourceVersionDate "2019.09.30"]
[SourceQuality "1"]

1. d4 d5 2. c4 e6 3. Nc3 Nf6 4. Bg5 Be7 5. e3 h6 6. Bh4 0-0 7. Nf3 b6 8. cxd5 Nxd5 9. Bxe7 Qxe7 10. Nxd5 exd5 11. Bd3 Be6 12. 0-0 c5 13. b3 Rc8 14. Rc1 Nd7 15. Qc2 Rc7 16. Bf5 c4 17. Bxe6 Qxe6 18. Qe2 b5 19. b4 a5 20. a3 axb4 21. axb4 Ra4 22. Qb2 Qd6 23. Ra1 c3 24. Qc2 Rxb4 25. Ra8+ Nf8 26. Ne5 Rb2 27. Qf5 c2 28. Nd3 Rb1 29. Nc1 b4 30. Rc8 b3 31. Rxc7 Qxc7 32. Qxd5 b2 0-1

[Event "SVK-ch op"]
[Site "Ruzomberok"]
[Date "2019.07.02"]
[Round "4"]
[White "Salomons, Lorenzo"]
[Black "Balogh, Peter1111"]
[Result "1-0"]
[WhiteElo "1842"]
[BlackElo "2037"]
[PlyCount "59"]
[EventDate "2019.06.29"]
[EventType "swiss"]
[EventRounds "9"]
[EventCountry "SVK"]
[SourceTitle "CBM 191 Extra"]
[Source "ChessBase"]
[SourceDate "2019.09.30"]
[SourceVersion "1"]
[SourceVersionDate "2019.09.30"]
[SourceQuality "1"]

1. d4 Nf6 2. c4 c5 3. d5 e6 4. Nc3 exd5 5. cxd5 d6 6. e4 g6 7. f4 Bg7 8. Bb5+ Nfd7 9. a4 0-0 10. Nf3 a6 11. Bd3 Qc7 12. 0-0 c4 13. Bc2 Nf6 14. Be3 Nbd7 15. Kh1 Re8 16. Bd4 Nh5 17. Bxg7 Nxg7 18. f5 Ne5 19. Nd4 Qc5 20. Qd2 Nd3 21. fxg6 fxg6 22. Bxd3 Qxd4 23. Qf4 Bd7 24. Qf7+ Kh8 25. Bxc4 Qxc4 26. Qxd7 Qb4 27. Rf2 h5 28. Raf1 Qd4 29. Qxd6 Nf5 30. Qxg6 1-0

[Event "SVK-ch op"]
[Site "Ruzomberok"]
[Date "2019.07.01"]
[Round "3"]
[White "Polko, Pavol"]
[Black "Salomons, Lorenzo"]
[Result "0-1"]
[WhiteElo "1638"]
[BlackElo "1842"]
[PlyCount "120"]
[EventDate "2019.06.29"]
[EventType "swiss"]
[EventRounds "9"]
[EventCountry "SVK"]
[SourceTitle "CBM 191 Extra"]
[Source "ChessBase"]
[SourceDate "2019.09.30"]
[SourceVersion "1"]
[SourceVersionDate "2019.09.30"]
[SourceQuality "1"]

1. d4 Nf6 2. Nf3 g6 3. Bf4 Bg7 4. e3 0-0 5. Nbd2 d6 6. Bc4 Nc6 7. c3 Bg4 8. Qb3 Na5 9. Qb5 Nxc4 10. Qxc4 c6 11. h3 Bxf3 12. gxf3 a5 13. e4 Nh5 14. Be3 Qc7 15. d5 a4 16. f4 Ra6 17. Nf3 b5 18. Qd3 a3 19. b3 cxd5 20. e5 dxe5 21. fxe5 Bxe5 22. Nxe5 Qxe5 23. 0-0-0 Nf4 24. Bxf4 Qxf4+ 25. Rd2 Rc6 26. Re1 e6 27. Kb1 Rfc8 28. Rc2 b4 29. Qe3 Qf6 30. Rec1 bxc3 31. Qa7 d4 32. Qd7 R8c7 33. Qe8+ Kg7 34. Rd1 Qh4 35. Qa8 Qxh3 36. Qd8 e5 37. Qd5 Rc5 38. Qd8 Qf3 39. Rxd4 exd4 40. Qxd4+ Qf6 41. Qb4 Qe5 42. Qxa3 h5 43. Qc1 Qd4 44. f4 Rf5 45. a4 Rxf4 46. Ka2 h4 47. Qe1 Qe4 48. Qc1 Qd4 49. Qe1 Re4 50. Qa1 Qd3 51. Qc1 Re2 52. Rxe2 Qxe2+ 53. Ka3 Qb2+ 54. Qxb2 cxb2 55. Kxb2 h3 56. a5 h2 57. b4 h1Q 58. Kb3 Qc6 59. Ka3 Qb5 60. Kb3 Rb7 0-1

[Event "SVK-chT2C 1819"]
[Site "Slovakia"]
[Date "2018.12.16"]
[Round "6.8"]
[White "Nahalka, Jan"]
[Black "Salomons, Lorenzo"]
[Result "0-1"]
[WhiteElo "1794"]
[BlackElo "1833"]
[PlyCount "48"]
[EventDate "2018.10.13"]
[EventType "team-tourn"]
[EventRounds "11"]
[EventCountry "SVK"]
[SourceTitle "CBM 189 Extra"]
[Source "ChessBase"]
[SourceDate "2019.06.03"]
[SourceVersion "1"]
[SourceVersionDate "2019.06.03"]
[SourceQuality "1"]
[WhiteTeam "Ondrasova Krivan"]
[BlackTeam "Banska Bystrica Kurta"]
[WhiteTeamCountry "SVK"]
[BlackTeamCountry "SVK"]

1. d4 Nf6 2. c4 e6 3. g3 c5 4. Nf3 g6 5. Bg2 Bg7 6. Nc3 d5 7. cxd5 Nxd5 8. 0-0 0-0 9. e4 cxd4 10. Nxd4 Nxc3 11. bxc3 Qa5 12. Bb2 Nc6 13. Nxc6 bxc6 14. Qc2 Ba6 15. Rfd1 Rfd8 16. a4 Bc4 17. Bf1 Bxf1 18. Kxf1 Rab8 19. Rxd8+ Rxd8 20. Rd1 Rxd1+ 21. Qxd1 Bxc3 22. Bxc3 Qxc3 23. Qd8+ Kg7 24. Qd1 Qc4+ 0-1

[Event "Tatry op"]
[Site "Tatranska Lomnica"]
[Date "2017.10.13"]
[Round "7"]
[White "Weber, Samuel"]
[Black "Salomons, Lorenzo"]
[Result "1-0"]
[WhiteElo "2202"]
[BlackElo "1876"]
[PlyCount "79"]
[EventDate "2017.10.08"]
[EventType "swiss"]
[EventRounds "9"]
[EventCountry "SVK"]
[SourceTitle "CBM 181 Extra"]
[Source "ChessBase"]
[SourceDate "2017.12.12"]
[SourceVersion "1"]
[SourceVersionDate "2017.12.12"]
[SourceQuality "1"]

1. e4 c5 2. Nf3 d6 3. g3 Nc6 4. Bg2 Nf6 5. d3 g6 6. 0-0 Bg7 7. c3 0-0 8. Re1 Nd7 9. Be3 Qc7 10. a3 a5 11. a4 b6 12. Na3 Ba6 13. Bf1 Qb7 14. Nd2 Nce5 15. Ndc4 Nxc4 16. dxc4 Rad8 17. Bg2 Qc7 18. f4 Nf6 19. Rb1 Qd7 20. h3 Bb7 21. Qc2 Qe6 22. Bf2 Nh5 23. b4 axb4 24. cxb4 Bd4 25. Bxd4 cxd4 26. Kh2 g5 27. Bf3 Bc8 28. f5 Qh6 29. Nb5 e5 30. Nc7 Nf6 31. Qd2 Kh8 32. a5 bxa5 33. bxa5 Qg7 34. g4 h5 35. a6 hxg4 36. hxg4 Nd7 37. a7 Qh6+ 38. Kg2 Kg7 39. a8Q Rh8 40. Rh1 1-0

[Event "SVK-chT1E 1415"]
[Site "Slovakia"]
[Date "2015.03.14"]
[Round "10.8"]
[White "Salomons, Lorenzo"]
[Black "Pcola, Jaroslav1111"]
[Result "1/2-1/2"]
[WhiteElo "1887"]
[BlackElo "2107"]
[PlyCount "85"]
[EventDate "2014.10.18"]
[EventType "team-tourn"]
[EventRounds "11"]
[EventCountry "SVK"]
[SourceTitle "EXT 2016"]
[Source "ChessBase"]
[SourceDate "2015.10.08"]
[SourceVersion "1"]
[SourceVersionDate "2015.10.08"]
[SourceQuality "1"]
[WhiteTeam "Banska Bystrica CVC"]
[BlackTeam "Humenne"]
[WhiteTeamCountry "SVK"]
[BlackTeamCountry "SVK"]

1. d4 Nf6 2. c4 e6 3. Nc3 Bb4 4. Qc2 0-0 5. a3 Bxc3+ 6. Qxc3 b5 7. cxb5 c6 8. f3 Nd5 9. Qd2 f5 10. f4 cxb5 11. e3 Bb7 12. Nf3 a6 13. b4 Nc6 14. Bb2 Rc8 15. Bd3 Nce7 16. 0-0 Nf6 17. Rac1 Ne4 18. Qe2 Qb6 19. Nd2 Nf6 20. Nf3 Rxc1 21. Rxc1 Rc8 22. Rxc8+ Nxc8 23. Qc2 Nd6 24. h3 Qc6 25. Qxc6 Bxc6 26. Ne5 Be4 27. Kf2 Bxd3 28. Nxd3 Nde4+ 29. Ke1 d6 30. Nf2 Ng3 31. Bc1 Kf7 32. Kd2 Ke7 33. Kd3 Kd7 34. Bb2 Kc6 35. Nd1 Nge4 36. g4 g6 37. g5 Nd5 38. Ke2 Nb6 39. Kd3 Nc4 40. Bc1 Kd5 41. h4 Nb6 42. Bb2 Nc4 43. Bc1 1/2-1/2

[Event "Piestany op"]
[Site "Piestany"]
[Date "2014.11.21"]
[Round "8"]
[White "Sturc, Jan"]
[Black "Salomons, Lorenzo"]
[Result "1-0"]
[WhiteElo "2056"]
[BlackElo "1887"]
[PlyCount "53"]
[EventDate "2014.11.15"]
[EventType "swiss"]
[EventRounds "8"]
[EventCountry "SVK"]
[SourceTitle "EXT 2023"]
[Source "ChessBase"]
[SourceDate "2022.10.05"]
[SourceVersion "1"]
[SourceVersionDate "2022.10.05"]
[SourceQuality "1"]

1. e4 c5 2. Nf3 d6 3. d4 cxd4 4. Nxd4 Nf6 5. Nc3 a6 6. Bg5 e6 7. f4 Be7 8. Qf3 h6 9. Bh4 g5 10. fxg5 Nfd7 11. Nxe6 Ne5 12. Nxd8 Nxf3+ 13. gxf3 hxg5 14. Bg3 Bxd8 15. Bxd6 Bh3 16. 0-0-0 Nc6 17. Nd5 Rc8 18. Rd3 f6 19. Rc3 Kd7 20. Bg3 Bxf1 21. Rxf1 Ba5 22. Rd3 Ke6 23. f4 Rhf8 24. c3 Nb4 25. Rd4 Nc6 26. Rd2 Nb4 27. fxg5 1-0

[Event "Piestany op"]
[Site "Piestany"]
[Date "2014.11.18"]
[Round "5"]
[White "Salomons, Lorenzo"]
[Black "Sulek, Viliam"]
[Result "1/2-1/2"]
[WhiteElo "1887"]
[BlackElo "2043"]
[PlyCount "35"]
[EventDate "2014.11.15"]
[EventType "swiss"]
[EventRounds "8"]
[EventCountry "SVK"]
[SourceTitle "EXT 2023"]
[Source "ChessBase"]
[SourceDate "2022.10.05"]
[SourceVersion "1"]
[SourceVersionDate "2022.10.05"]
[SourceQuality "1"]

1. d4 Nf6 2. c4 g6 3. Nc3 d5 4. cxd5 Nxd5 5. e4 Nxc3 6. bxc3 Bg7 7. Bc4 0-0 8. Ne2 c5 9. 0-0 cxd4 10. cxd4 Nc6 11. Be3 Bd7 12. Rb1 Rc8 13. Qd2 Na5 14. Bb3 Nxb3 15. Rxb3 b6 16. Bh6 Qc7 17. Bxg7 Kxg7 18. Qb4 1/2-1/2

[Event "SVK-ch Seniors"]
[Site "Tatranske Matliare"]
[Date "2013.06.03"]
[Round "3"]
[White "Veselsky, Jozef"]
[Black "Salomons, Lorenzo"]
[Result "1-0"]
[WhiteElo "2174"]
[BlackElo "1907"]
[PlyCount "49"]
[EventDate "2013.06.02"]
[EventType "swiss"]
[EventRounds "9"]
[EventCountry "SVK"]
[SourceTitle "EXT 2023"]
[Source "ChessBase"]
[SourceDate "2022.10.05"]
[SourceVersion "1"]
[SourceVersionDate "2022.10.05"]
[SourceQuality "1"]

1. d4 Nf6 2. Nf3 e6 3. c4 d5 4. Nc3 Be7 5. Bg5 h6 6. Bh4 0-0 7. e3 Ne4 8. Bxe7 Qxe7 9. Bd3 Nxc3 10. bxc3 c6 11. 0-0 Nd7 12. Re1 b6 13. cxd5 cxd5 14. e4 dxe4 15. Bxe4 Rb8 16. Qa4 Nf6 17. Ne5 Nxe4 18. Rxe4 Qb7 19. Rf4 Qc7 20. Rf3 Bb7 21. Re3 Rfe8 22. Rg3 f6 23. Nd7 Kf7 24. Nxb8 Qxb8 25. Qd7+ 1-0

[Event "SVK-chT1E 1213"]
[Site "Slovakia"]
[Date "2013.02.24"]
[Round "9.3"]
[White "Veselovsky, Jan"]
[Black "Salomons, Lorenzo"]
[Result "1/2-1/2"]
[WhiteElo "2038"]
[BlackElo "1894"]
[PlyCount "68"]
[EventDate "2012.10.20"]
[EventType "team-tourn"]
[EventRounds "11"]
[EventCountry "SVK"]
[SourceTitle "EXT 2015"]
[Source "ChessBase"]
[SourceDate "2014.11.20"]
[SourceVersion "1"]
[SourceVersionDate "2014.11.20"]
[SourceQuality "1"]
[WhiteTeam "Bardejov"]
[BlackTeam "Banska Bystrica Junior"]
[WhiteTeamCountry "SVK"]
[BlackTeamCountry "SVK"]

1. e4 c5 2. Nf3 d6 3. d4 cxd4 4. Nxd4 Nf6 5. Nc3 a6 6. Bc4 e6 7. Be3 Be7 8. Qe2 Nc6 9. 0-0-0 Qc7 10. Bb3 Na5 11. g4 Nxb3+ 12. Nxb3 b5 13. g5 Nd7 14. f4 Bb7 15. Bd4 e5 16. Be3 exf4 17. Bxf4 Ne5 18. Nd4 g6 19. Kb1 0-0 20. h4 Rfe8 21. h5 Bf8 22. Qh2 Bg7 23. hxg6 hxg6 24. Nd5 Bxd5 25. exd5 Rac8 26. Qh7+ Kf8 27. Rhf1 Nc4 28. c3 b4 29. cxb4 Bxd4 30. Rc1 Re2 31. Bxd6+ Nxd6 32. Rxc7 Rxb2+ 33. Kc1 Rxc7+ 34. Kd1 Rcc2 1/2-1/2

[Event "SVK-chT1E 1213"]
[Site "Slovakia"]
[Date "2013.02.23"]
[Round "8.4"]
[White "Salomons, Lorenzo"]
[Black "Ondo, Radoslav"]
[Result "0-1"]
[WhiteElo "1894"]
[BlackElo "2084"]
[PlyCount "108"]
[EventDate "2012.10.20"]
[EventType "team-tourn"]
[EventRounds "11"]
[EventCountry "SVK"]
[SourceTitle "EXT 2015"]
[Source "ChessBase"]
[SourceDate "2014.11.20"]
[SourceVersion "1"]
[SourceVersionDate "2014.11.20"]
[SourceQuality "1"]
[WhiteTeam "Banska Bystrica Junior"]
[BlackTeam "Michalovce Zemplin"]
[WhiteTeamCountry "SVK"]
[BlackTeamCountry "SVK"]

1. d4 d5 2. c4 c6 3. Nc3 e6 4. Nf3 f5 5. Bf4 Nf6 6. a3 Be7 7. e3 0-0 8. cxd5 exd5 9. Bxb8 Rxb8 10. g3 Bd6 11. Bg2 Qe7 12. 0-0 Bd7 13. Qd3 Rbe8 14. b4 Ne4 15. Rfb1 a6 16. Na4 g5 17. Nc5 Bc8 18. Nd2 h5 19. Re1 h4 20. Ndxe4 fxe4 21. Qb3 Kg7 22. Qd1 Rh8 23. f4 Reg8 24. Rf1 gxf4 25. exf4 Kf8 26. f5 Bxc5 27. bxc5 hxg3 28. h3 Qf6 29. Rb1 Rg5 30. Rb3 Rh7 31. Rb4 Rf7 32. Qd2 Rxf5 33. Rxf5 Qxf5 34. Qh6+ Kg8 35. Rb1 Qf6 36. Qxf6 Rxf6 37. Rf1 Rh6 38. Rf4 Bxh3 39. Bxh3 Rxh3 40. Rg4+ Kf8 41. Kg2 Rh2+ 42. Kxg3 Ra2 43. Kf4 Rxa3 44. Ke5 Rf3 45. Rh4 Kg7 46. Rg4+ Kh6 47. Rh4+ Kg5 48. Rh7 e3 49. Rg7+ Kh4 50. Re7 Kg3 51. Kd6 Kf2 52. Rxb7 e2 53. Rb2 Rf6+ 54. Ke5 Rh6 0-1

[Event "SVK-chT2C 1112"]
[Site "Slovakia"]
[Date "2012.02.25"]
[Round "10.5"]
[White "Salomons, Lorenzo"]
[Black "Adamko, Peter"]
[Result "0-1"]
[WhiteElo "1899"]
[BlackElo "2099"]
[PlyCount "70"]
[EventDate "2011.10.08"]
[EventType "team-tourn"]
[EventRounds "11"]
[EventCountry "SVK"]
[SourceTitle "EXT 2013"]
[Source "ChessBase"]
[SourceDate "2012.11.22"]
[SourceVersion "1"]
[SourceVersionDate "2012.11.22"]
[SourceQuality "1"]
[WhiteTeam "Banska Bystrica Junior II"]
[BlackTeam "Zilina DMS"]
[WhiteTeamCountry "SVK"]
[BlackTeamCountry "SVK"]

1. d4 Nf6 2. c4 e6 3. Nc3 Bb4 4. Qc2 0-0 5. a3 Bxc3+ 6. Qxc3 b6 7. f3 d5 8. Bg5 dxc4 9. e3 b5 10. a4 c6 11. Bxf6 Qxf6 12. b3 Ba6 13. bxc4 bxc4 14. Bxc4 c5 15. Rc1 cxd4 16. exd4 Rc8 17. Qd3 Qg5 18. Rc2 Rxc4 19. Rxc4 Qd5 20. Rc2 Qd8 21. Qe4 Nd7 22. Ne2 Nf6 23. Qe5 Bxe2 24. Kxe2 Qd7 25. Rhc1 Nd5 26. Rc6 h6 27. a5 Qb7 28. R6c5 Rd8 29. Qe4 Qd7 30. R1c4 a6 31. Qc2 Ne7 32. f4 Nf5 33. Qa4 Qb7 34. Kf2 Qe4 35. Rc8 Qxf4+ 0-1

[Event "SVK-chT2C 1112"]
[Site "Slovakia"]
[Date "2012.01.07"]
[Round "7.7"]
[White "Minich, Miroslav"]
[Black "Salomons, Lorenzo"]
[Result "1/2-1/2"]
[WhiteElo "1929"]
[BlackElo "1899"]
[PlyCount "47"]
[EventDate "2011.10.08"]
[EventType "team-tourn"]
[EventRounds "11"]
[EventCountry "SVK"]
[SourceTitle "EXT 2013"]
[Source "ChessBase"]
[SourceDate "2012.11.22"]
[SourceVersion "1"]
[SourceVersionDate "2012.11.22"]
[SourceQuality "1"]
[WhiteTeam "Zvolen Slavia"]
[BlackTeam "Banska Bystrica Junior II"]
[WhiteTeamCountry "SVK"]
[BlackTeamCountry "SVK"]

1. e4 c5 2. Nc3 e6 3. g3 d5 4. exd5 exd5 5. d4 c4 6. Bg2 Bb4 7. Nge2 Bg4 8. Bd2 Ne7 9. 0-0 0-0 10. h3 Bd7 11. Nf4 Bc6 12. Nce2 Bxd2 13. Qxd2 Nd7 14. Nh5 g6 15. Nhf4 Nf6 16. g4 Qd6 17. Ng3 Ne4 18. Bxe4 dxe4 19. Rae1 Nd5 20. Nxd5 Qxd5 21. Qf4 Rae8 22. Ne2 f5 23. g5 e3 24. f3 1/2-1/2

[Event "SVK-chT2C 1112"]
[Site "Slovakia"]
[Date "2011.12.03"]
[Round "5.6"]
[White "Salomons, Lorenzo"]
[Black "Kerdik, Adam"]
[Result "1/2-1/2"]
[WhiteElo "1899"]
[BlackElo "1855"]
[PlyCount "77"]
[EventDate "2011.10.08"]
[EventType "team-tourn"]
[EventRounds "11"]
[EventCountry "SVK"]
[SourceTitle "EXT 2013"]
[Source "ChessBase"]
[SourceDate "2012.11.22"]
[SourceVersion "1"]
[SourceVersionDate "2012.11.22"]
[SourceQuality "1"]
[WhiteTeam "Banska Bystrica Junior II"]
[BlackTeam "Liptov Chess School II"]
[WhiteTeamCountry "SVK"]
[BlackTeamCountry "SVK"]

1. d4 Nf6 2. c4 e6 3. Nc3 Bb4 4. Qc2 0-0 5. a3 Bxc3+ 6. Qxc3 b6 7. Bg5 Bb7 8. f3 d5 9. e3 Nbd7 10. Bd3 c5 11. Ne2 Rc8 12. b3 h6 13. Bf4 Qe7 14. 0-0 Rfe8 15. Be5 Nh5 16. Rac1 f6 17. Bg6 fxe5 18. Bxh5 exd4 19. exd4 Rf8 20. Qe3 Qf6 21. Bg4 Rce8 22. Rfe1 Re7 23. b4 cxb4 24. axb4 Rfe8 25. f4 Qg6 26. Bf3 Nf6 27. c5 Qf7 28. Nc3 bxc5 29. bxc5 Bc6 30. Rb1 Rb7 31. Be2 Qd7 32. Ba6 Rxb1 33. Rxb1 Ne4 34. Nxe4 dxe4 35. Rb4 Rd8 36. Kf2 Kf8 37. Qc3 Qd5 38. Ke3 g5 39. g3 1/2-1/2

[Event "SVK-chT2C 0708"]
[Site "Slovakia"]
[Date "2007.11.03"]
[Round "3.3"]
[White "Murin, Pavol"]
[Black "Salomons, Lorenzo"]
[Result "0-1"]
[WhiteElo "2011"]
[BlackElo "1898"]
[PlyCount "43"]
[EventDate "2007.10.06"]
[EventType "team-tourn"]
[EventRounds "11"]
[EventCountry "SVK"]
[SourceTitle "EXT 2010"]
[Source "ChessBase"]
[SourceDate "2010.11.25"]
[SourceVersion "1"]
[SourceVersionDate "2010.11.25"]
[SourceQuality "1"]
[WhiteTeam "Dolny Kubin"]
[BlackTeam "Banska Bystrica Junior"]
[WhiteTeamCountry "SVK"]
[BlackTeamCountry "SVK"]

1. d4 Nf6 2. c4 e5 3. dxe5 Ne4 4. Nf3 Nc6 5. a3 d6 6. exd6 Bxd6 7. e3 Bg4 8. Be2 Qf6 9. Nbd2 Nc5 10. Nb3 0-0-0 11. Nbd4 Bxf3 12. Bxf3 Ne5 13. Be2 Ne4 14. 0-0 c5 15. Qc2 cxd4 16. Qxe4 d3 17. Bg4+ Nxg4 18. Qxg4+ Kb8 19. Bd2 Qxb2 20. Ba5 Qe5 21. g3 Qxa5 22. Qxg7 0-1

[Event "SVK-chT2C 0506"]
[Site "Slovakia"]
[Date "2006.02.12"]
[Round "9.8"]
[White "Salomons, Lorenzo"]
[Black "Pecho, Juraj"]
[Result "0-1"]
[WhiteElo "1857"]
[BlackElo "2054"]
[PlyCount "51"]
[EventDate "2005.10.22"]
[EventType "team-tourn"]
[EventRounds "11"]
[EventCountry "SVK"]
[SourceTitle "EXT 2009"]
[Source "ChessBase"]
[SourceDate "2008.11.26"]
[SourceVersion "1"]
[SourceVersionDate "2008.11.26"]
[SourceQuality "1"]

1. d4 Nc6 2. f4 d5 3. e3 Nf6 4. Bd3 Bg4 5. Nf3 e6 6. c3 Bd6 7. 0-0 Ne4 8. Nbd2 f5 9. Qb3 Rb8 10. c4 Na5 11. Qc2 Nc6 12. a3 0-0 13. b4 a6 14. Qb3 Be7 15. b5 axb5 16. cxb5 Na5 17. Qb1 c5 18. dxc5 Bxc5 19. Nb3 Nxb3 20. Qxb3 Qb6 21. Bxe4 fxe4 22. Ne5 Be2 23. Nd7 Qd6 24. Rf2 Bc4 25. Nxc5 Bxb3 26. Nxb3 0-1

[Event "SVK-chT2C 0506"]
[Site "Slovakia"]
[Date "2005.12.18"]
[Round "6.8"]
[White "Rogos, Jan"]
[Black "Salomons, Lorenzo"]
[Result "0-1"]
[WhiteElo "1989"]
[BlackElo "1857"]
[PlyCount "140"]
[EventDate "2005.10.22"]
[EventType "team-tourn"]
[EventRounds "11"]
[EventCountry "SVK"]
[SourceTitle "EXT 2009"]
[Source "ChessBase"]
[SourceDate "2008.11.26"]
[SourceVersion "1"]
[SourceVersionDate "2008.11.26"]
[SourceQuality "1"]

1. e4 c5 2. Nf3 d6 3. d4 cxd4 4. Nxd4 Nf6 5. Nc3 a6 6. Bd3 b5 7. 0-0 Bb7 8. f3 Nbd7 9. Kh1 e6 10. Nce2 Ne5 11. Ng3 Be7 12. Nde2 h5 13. Ng1 h4 14. N3e2 Nh5 15. Nh3 g5 16. Nxg5 Nxd3 17. Qxd3 Bxg5 18. Bxg5 Qxg5 19. Qxd6 Rg8 20. Rg1 Rd8 21. Qc7 Rd7 22. Qb6 Ng3+ 23. hxg3 hxg3 24. Rgd1 Rd2 25. Nxg3 Qh6+ 26. Kg1 Rxg3 27. Rxd2 Qxd2 28. Qf2 Qd6 29. Re1 Rg6 30. Qa7 Qd7 31. Qb8+ Ke7 32. Qa7 e5 33. Qc5+ Qd6 34. Qa7 Qb6+ 35. Qxb6 Rxb6 36. c3 b4 37. c4 Rd6 38. Re2 Rd4 39. Rc2 a5 40. b3 Kf6 41. Kf2 Kg5 42. Ke3 Kh4 43. Kf2 Kg5 44. Ke3 f5 45. exf5 Kxf5 46. g3 Rd1 47. Rh2 Re1+ 48. Kd2 Ra1 49. Ke3 Rf1 50. f4 Rf3+ 51. Ke2 Rxg3 52. Rh7 Rg2+ 53. Kf1 Rxa2 54. Rxb7 Kxf4 55. Ra7 Kf3 56. Ke1 Ke3 57. Kf1 Kd4 58. Rh7 e4 59. Rh4 Kd3 60. Rh5 e3 61. Rd5+ Kc3 62. c5 Kxb3 63. c6 Rc2 64. Rxa5 Rxc6 65. Ke2 Rc3 66. Kd1 Kb2 67. Rb5 b3 68. Ra5 e2+ 69. Kxe2 Kc2 70. Ra1 b2 0-1